[Event "Penang op-A 5th"]
[Site "Penang"]
[Date "2013.12.11"]
[Round "4"]
[White "Sunardi, Sadeli"]
[Black "Zuherman, Eddy"]
[Result "1-0"]
[WhiteElo "2027"]
[BlackElo "2313"]
[PlyCount "47"]
[EventDate "2013.12.09"]
[EventType "swiss"]
[EventRounds "9"]
[EventCountry "MAS"]
[SourceTitle "CBM 157 Extra"]
[Source "ChessBase"]
[SourceDate "2013.12.19"]
[SourceVersion "1"]
[SourceVersionDate "2013.12.19"]
[SourceQuality "1"]

1. e4 c5 2. Nc3 Nc6 3. f4 g6 4. Bb5 Bg7 5. Nf3 d6 6. Bxc6+ bxc6 7. 0-0 Nh6 8. d3 0-0 9. Qe1 f5 10. Kh1 Nf7 11. Bd2 Rb8 12. b3 fxe4 13. dxe4 e5 14. Rd1 Ba6 15. Rf2 exf4 16. Bxf4 Qf6 17. Bd2 Ne5 18. Nxe5 Qxf2 19. Nd7 Qf1+ 20. Qxf1 Bxf1 21. Nxb8 Bxg2+ 22. Kxg2 Bxc3 23. Nxc6 Bxd2 24. Rxd2 1-0

[Event "Penang op-A 5th"]
[Site "Penang"]
[Date "2013.12.11"]
[Round "5"]
[White "Zuherman, Eddy"]
[Black "Frost, Peter"]
[Result "1/2-1/2"]
[WhiteElo "2313"]
[BlackElo "1787"]
[PlyCount "67"]
[EventDate "2013.12.09"]
[EventType "swiss"]
[EventRounds "9"]
[EventCountry "MAS"]
[SourceTitle "CBM 157 Extra"]
[Source "ChessBase"]
[SourceDate "2013.12.19"]
[SourceVersion "1"]
[SourceVersionDate "2013.12.19"]
[SourceQuality "1"]

1. e4 c5 2. Nf3 Nc6 3. Bb5 g6 4. 0-0 Bg7 5. c3 e6 6. d4 cxd4 7. cxd4 Nge7 8. d5 Ne5 9. Nc3 0-0 10. Nd4 exd5 11. exd5 d6 12. Be3 a6 13. Be2 b5 14. f4 Nc4 15. Bxc4 bxc4 16. Qa4 Qc7 17. Rac1 Bb7 18. b3 Nxd5 19. Nxd5 Bxd5 20. bxc4 Be4 21. c5 dxc5 22. Nb3 Qc6 23. Qxc6 Bxc6 24. Bxc5 Rfe8 25. Rfe1 Rxe1+ 26. Rxe1 Re8 27. Rxe8+ Bxe8 28. Kf2 Bc6 29. g3 f5 30. Ke3 Kf7 31. Bd4 Bf8 32. Bc5 Bg7 33. Bd4 Bf8 34. Bc5 1/2-1/2

[Event "Penang op-A 5th"]
[Site "Penang"]
[Date "2013.12.10"]
[Round "2"]
[White "Greenwood, Martin"]
[Black "Zuherman, Eddy"]
[Result "0-1"]
[WhiteElo "1599"]
[BlackElo "2313"]
[PlyCount "94"]
[EventDate "2013.12.09"]
[EventType "swiss"]
[EventRounds "9"]
[EventCountry "MAS"]
[SourceTitle "CBM 157 Extra"]
[Source "ChessBase"]
[SourceDate "2013.12.19"]
[SourceVersion "1"]
[SourceVersionDate "2013.12.19"]
[SourceQuality "1"]

1. e4 c5 2. Nf3 d6 3. Bb5+ Nc6 4. 0-0 Bd7 5. d4 cxd4 6. Nxd4 Nf6 7. Nxc6 bxc6 8. Bd3 g6 9. Qe2 Bg7 10. c3 0-0 11. Bg5 Qa5 12. Bd2 Ng4 13. h3 Ne5 14. c4 Qa6 15. Bc3 Be6 16. b3 Nxd3 17. Qxd3 f6 18. Qe3 Bf7 19. Nd2 e5 20. Nf3 d5 21. exd5 cxd5 22. cxd5 Bxd5 23. Rfd1 Qb7 24. Ne1 Rfe8 25. Rd2 Rac8 26. Rad1 Be6 27. Ba5 f5 28. Rd8 Rexd8 29. Rxd8+ Rxd8 30. Bxd8 e4 31. Qd2 Be5 32. Qa5 Bd6 33. Bg5 Qb8 34. Qd8+ Qxd8 35. Bxd8 Kf7 36. Nc2 Bc5 37. b4 Bd6 38. a3 Be5 39. b5 Bb3 40. Nb4 Bd4 41. Nc6 Bc5 42. Bc7 Ba4 43. Nxa7 Ke6 44. b6 Kd7 45. Kf1 Bxa3 46. Ke2 Bc5 47. Kd2 Bxf2 0-1